Druga wojna światowa - Statystyki

Ogólne statystyki
  • Ten quiz został rozwiązany 1 897 razy
  • Średni wynik to 5 z 15
Statystyki odpowiedzi
Hint Odpowiedź % Poprawnych
Podaj pełną datę rozpoczęcia drugiej wojny światowej XX.XX.XXXX 01.09.1939
95%
26 maja 1940 - Rozpoczęła się ewakuacja 330 tysięcy żołnierzy alianckich, z jakiej miejscowości ich ewakułowano? Dunkierka
61%
6 czerwca 1944 - Jest to data desantu aliantów na wybrzeża Francji. Najcięższe lądowanie dla aliantów odbyło się na plaży Omaha. Na ilu plażach został przeprowadzony ten desant? 5
49%
Gdzie najpierw zaatakowała Trzecia Rzesza, podaj miejscowość Wieluń
39%
Największa operacja z udziałem wojsk powietrznodesantowych, przeprowadzona przez aliantów we wrześniu 1944 roku na terytorium okupowanej Holandii. Market Garden
35%
Niemcy w 1942 roku usiłowali przeprowadzić zamachy terrorystyczne na terytorium [...] USA
29%
9 stycznia 1941 Niemcy podjęli decyzję o wsparciu włoskich działań wojennych w Afryce Północnej. W lutym do Libii dotarły pierwsze jednostki [...] Afrika Korps
28%
Francja Vichy. Kto był "głową" tego państwa? Philippe Petain
27%
Podaj umowną datę zakończenia IIWŚ XX.XX.XXXX 02.09.1945
26%
Barbarossa - Był to plan ataku Rzeszy na ZSRR. Istnieją przesłanki, że ostateczną linią niemieckiego natarcia miała być linia [...] Ural
22%
Karabin samopowtarzalny kalibru 7,62 mm konstrukcji amerykańskiej. Odgrywał ważną rolę w 2wś. M1 Garand
20%
Ostatnia duża operacja ofensywna wojsk niemieckich na froncie zachodnim w czasie II wojny światowej. Ofensywa w Ardenach
17%
Był niezawodnym czołgiem, wyprodukowanym na potrzeby wojny w wielkich ilościach. W momencie wprowadzenia do boju na jesieni 1942, doskonale dawał sobie radę z czołgami niemieckimi tego okresu. Jaki to czołg? M4 Sherman
10%
Jak się nazywała operacja, której zadaniem było przejąć kontrolę nad francuskimi koloniami kontrolowanymi przez rząd Vichy i zajść od tyłu wycofujące się siły Osi? Operacja Torch
7%
„Ani kroku wstecz!” - był to rozkaz który zabraniał wycofywania się z lini frontowej jednostką ZSRR. Rozkaz ten, znany był również jako rozkaz [...] nr 227
5%
Nie znaleziono quizów pasujących do podanych kryteriów
Rozkład punktacji
Procent ludzi z każdym wynikiem
Percentyl według liczby udzielonych odpowiedzi
Twoja historia wyników
Nie rozwiązałeś tego quizu